000 00446 a2200145 4500
005 20250625145521.0
020 _a0-324-17576-6
082 _a658.382 FLY
100 _aHealthcare Human Resource Management
245 _aHealthcare Human Resource Management,
260 _aNew York,
_bUSA,
_c2004.
300 _axvi.; 381p.;figure,
_bGlossary & Index,
_c24cm.
700 _aFLYNN, W. J, MATHIS, R. L, JACKSON, J. H & LANGAN ,P. J.
942 _2ddc
_cBKS
999 _c5111
_d5111